|
|
|
|
| LEADER |
00000nab#a22000007a#4500 |
| 001 |
arbauad029889 |
| 003 |
AR-BaUAD |
| 005 |
20250711112419.0 |
| 008 |
980209|||||||||###||||||b###|0###a|spa|| |
| 040 |
|
|
|a AR-BaUAD
|c AR-BaUAD
|b spa
|
| 100 |
|
|
|a Goines, David Laince
|
| 245 |
|
|
|a Where ideas come from /
|c David Laince Goines;
|
| 500 |
|
|
|a Artículo teórico.
|
| 653 |
|
|
|a DISEÑO GRAFICO
|
| 653 |
|
|
|a PROCESO CREATIVO
|
| 653 |
|
|
|a CREATIVIDAD
|
| 653 |
|
|
|a HISTORIA
|
| 653 |
|
|
|a TEORIA
|
| 653 |
|
|
|a IMAGINACION
|
| 653 |
|
|
|a INVENTOS
|
| 773 |
0 |
|
|t COMMUNICATION ARTS
|g no. 277 [dic. 1997], p. 254-264
|
| 942 |
|
|
|c ARTI
|
| 952 |
|
|
|0 0
|1 0
|4 0
|7 0
|9 74808
|a AR-BAuAD
|b AR-BAuAD
|d 2025-07-11
|l 0
|p AAQA029889
|r 2025-07-11 11:24:19
|w 2025-07-11
|y ARTI
|
| 990 |
|
|
|a DG199
|b TD
|
| 998 |
|
|
|a AAQ
|b BIBUN76
|
| 999 |
|
|
|c 54481
|d 54481
|